000 00392nam a2200157Ia 4500
008 230524s9999 xx 000 0 und d
082 _a5.133
_bBAL
100 _aFrancesco Balena
245 0 _aProgramming Microsoft Visual Basic 6.0
250 _a1ST
260 _aNEW DELHI
_bWorld Press
_c1999
300 _aXVI;1235
500 _aQuantity Number: 2
650 _aComp-Sc
942 _cBK
999 _c31944
_d31944